书目信息 |
| 题名: |
园林设计与施工手册
|
|
| 作者: | 曹丹丹 , 李芳芳 主编 | |
| 分册: | ||
| 出版信息: | 北京 北京希望电子出版社 2021.1 |
|
| 页数: | X,438页 | |
| 开本: | 24cm | |
| 丛书名: | 图解施工手册系列 | |
| 单 册: | ||
| 中图分类: | TU986.2 , TU986.3 | |
| 科图分类: | ||
| 主题词: | 园林设计--图解 , 园林--工程施工--图解 | |
| 电子资源: | ||
| ISBN: | 978-7-83002-799-5 | |
| 000 | 01121nam2 2200301 45 | |
| 001 | 012001001091 | |
| 005 | 20130910142719.0 | |
| 010 | @a978-7-83002-799-5@dCNY98.00 | |
| 100 | @a20210305d2021 em y0chiy0110 ea | |
| 101 | 0 | @achi |
| 102 | @aCN@b110000 | |
| 105 | @aak az 000yy | |
| 106 | @ar | |
| 200 | 1 | @a园林设计与施工手册@Ayuan lin she ji yu shi gong shou ce@e图解版@f曹丹丹, 李芳芳主编 |
| 210 | @a北京@c北京希望电子出版社@d2021.1 | |
| 215 | @aX,438页@c图@d24cm | |
| 225 | 2 | @a图解施工手册系列 |
| 320 | @a有书目(第438页) | |
| 330 | @a本书内容包括园林规划设计基础知识,园林地形设计与绿化设计,掇山与置石设计,园林水景设计,园路、园桥与广场设计,园林绿化种植设计,园林建筑及小品设计,园林土方工程,园林给水排水工程,园林水景工程,园路与园桥工程,园林假山工程,园林绿化工程,园林供电工程和园林施工机械。 | |
| 461 | 0 | @12001 @a图解施工手册系列 |
| 606 | 0 | @a园林设计@j图解 |
| 606 | 0 | @a园林@x工程施工@j图解 |
| 690 | @aTU986.2@v5 | |
| 690 | @aTU986.3@v5 | |
| 701 | 0 | @a曹丹丹@Acao dan dan@4主编 |
| 701 | 0 | @a李芳芳@Ali fang fang@4主编 |
| 801 | @aCN@b江苏凤凰@c20211018 | |
| 905 | @b1342169-71@dTU986.2@e2077@f3 | |
| 园林设计与施工手册:图解版/曹丹丹, 李芳芳主编.-北京:北京希望电子出版社,2021.1 |
| X,438页:图;24cm.-(图解施工手册系列) |
| ISBN 978-7-83002-799-5:CNY98.00 |
| 本书内容包括园林规划设计基础知识,园林地形设计与绿化设计,掇山与置石设计,园林水景设计,园路、园桥与广场设计,园林绿化种植设计,园林建筑及小品设计,园林土方工程,园林给水排水工程,园林水景工程,园路与园桥工程,园林假山工程,园林绿化工程,园林供电工程和园林施工机械。 |
| ● |
| 相关链接 |
|
|
|
|
正题名:园林设计与施工手册
索取号:TU986.2/2077
 
预约/预借
| 序号 | 登录号 | 条形码 | 馆藏地/架位号 | 状态 | 备注 |
| 1 | 1342169 | 213421698 | 第二样本阅览室/ [索取号:TU986.2/2077] | 在馆 | |
| 2 | 1342170 | 213421705 | 第三借阅区/ [索取号:TU986.2/2077] | 在馆 | |
| 3 | 1342171 | 213421714 | 第三借阅区/ [索取号:TU986.2/2077] | 在馆 |